Administración estratégica: teoría y casos

Shranjeno v:
Bibliografske podrobnosti
Main Authors: Thompson, Arthur A (Author), Gamble, John E (Author), Peteraf, Margaret A (Author), Strickland, A. J (Author)
Format: Knjiga
Jezik:španščina
Izdano: Ciudad de México McGraw-Hill Interamericana 2012
Izdaja:4a. ed
Serija:Educación
Teme:
Oznake: Označite
Brez oznak, prvi označite!

MARC

LEADER 00000cam a2200000 a 4500
001 UCF1921
003 CL-VaPUC
008 120802e20120000MX |||||||||||||||||spa|d
020 |a 9786071507570 
082 0 4 |a 658.4012  |b THO  |2 21 
100 0 |a Thompson, Arthur A  |e author  |9 563470 
700 0 |a Gamble, John E  |e author  |9 563471 
700 0 |a Peteraf, Margaret A  |e author  |9 563472 
700 0 |a Strickland, A. J  |e author  |9 563473 
245 1 0 |a Administración estratégica: teoría y casos 
250 |a 4a. ed 
300 |a 408 p 
942 |c BK 
945 |d 20120802 00:00:00  |a cmena 
260 |a Ciudad de México  |b McGraw-Hill Interamericana  |c 2012 
650 0 |a Planificación estratégica   |9 259735 
650 0 |a Operaciones administrativas  |9 335045 
650 0 |a Toma de decisiones   |9 257530 
650 0 |a Gestión de la información   |9 362327 
583 |a last modification  |c 20130827 10:18:50  |k Rodrigo Vera 
490 0 |a Educación 
999 |c 348606  |d 348604 
952 |0 0  |1 0  |4 0  |6 658_401200000000000_THO_2012  |7 0  |8 R  |9 450695  |a BIBENE  |b BIBENE  |d 2019-11-22  |i 488647K  |l 1  |o 658.4012 THO 2012  |p 488647K  |r 2025-01-15  |s 2022-08-30  |w 2019-11-22  |y BK_R  |k ICO 
952 |0 0  |1 0  |3 erb  |4 0  |6 658_401200000000000_THO_2012  |7 0  |8 R  |9 450696  |a BIBENE  |b BIBENE  |d 2019-11-22  |i 5005086  |l 2  |m 1  |o 658.4012 THO 2012  |p 5005086  |r 2025-04-23  |s 2025-04-22  |w 2019-11-22  |y BK_R  |z Catalogado en:20130829  |k ICO 
952 |0 0  |1 0  |3 erb  |4 0  |6 658_401200000000000_THO_2012  |7 0  |8 R  |9 450697  |a BIBENE  |b BIBENE  |d 2019-11-22  |i 5005094  |o 658.4012 THO 2012  |p 5005094  |r 2025-01-15  |w 2019-11-22  |y BK_R  |z Catalogado en:20130829  |k ICO 
952 |0 0  |1 0  |3 erb  |4 0  |6 658_401200000000000_THO_2012  |7 0  |8 R  |9 450698  |a BIBENE  |b BIBENE  |d 2019-11-22  |i 5005108  |l 3  |o 658.4012 THO 2012  |p 5005108  |r 2025-01-15  |s 2024-09-27  |w 2019-11-22  |y BK_R  |z Catalogado en:20130829  |k ICO